Loading...
Ancient History and Archaeology | 4 | 22.50 | 75% | 100% | 50% |
Beliefs | 9 | 15.56 | 89% | 56% | 11% |
British and Commonwealth History | 5 | 22.00 | 100% | 60% | 60% |
Current Events | 2 | 25.00 | 100% | 100% | 50% |
Fine Arts - Auditory Fine Arts | 5 | 24.00 | 100% | 80% | 60% |
Fine Arts - Visual Fine Arts | 5 | 14.00 | 100% | 40% | 0% |
Geography | 1 | 10.00 | 100% | 0% | 0% |
History - American History | 4 | 15.00 | 100% | 25% | 25% |
History - European History | 7 | 24.29 | 100% | 100% | 43% |
History - World History | 7 | 18.57 | 86% | 71% | 29% |
Literature - American Literature | 5 | 12.00 | 100% | 20% | 0% |
Literature - British Literature | 5 | 14.00 | 100% | 40% | 0% |
Literature - European Literature | 5 | 20.00 | 100% | 80% | 20% |
Other Academic | 3 | 16.67 | 100% | 67% | 0% |
Other Arts: Auditory | 1 | 20.00 | 100% | 100% | 0% |
Other Arts: Visual | 2 | 10.00 | 100% | 0% | 0% |
Other Science: Computer Science | 1 | 20.00 | 100% | 100% | 0% |
Other Science: Earth Science | 2 | 15.00 | 100% | 50% | 0% |
Other Science: Math | 1 | 20.00 | 100% | 100% | 0% |
Philosophy | 4 | 25.00 | 100% | 75% | 75% |
Science - Biology | 5 | 16.00 | 100% | 40% | 20% |
Science - Chemistry | 6 | 13.33 | 100% | 33% | 0% |
Science - Physics | 5 | 18.00 | 100% | 60% | 20% |
Social Science | 6 | 18.33 | 83% | 67% | 33% |
World and Other Literature | 6 | 15.00 | 100% | 50% | 0% |